| 000 | 05905cam a2201873Ii 4500 | ||
|---|---|---|---|
| 003 | PE-LiUPU | ||
| 005 | 20250813165401.0 | ||
| 008 | 160301s2009 mx a 001 0 spa d | ||
| 020 |
_a9706868224 _q(volumen 1) |
||
| 020 |
_a9789706868220 _q(volumen 1) |
||
| 020 |
_a9706868372 _q(volumen 2) |
||
| 020 |
_a9789706868374 _q(volumen 2) |
||
| 035 | _a(Sirsi) a163590 | ||
| 040 |
_aPE-LiUPU _bspa _cPE-LiUPU _erda |
||
| 049 | _aPRUA | ||
| 082 |
_a621.04 _bS42 |
||
| 100 | 1 |
_aSerway, Raymond A., _eautor. |
|
| 245 | 1 | 0 |
_aFísica para ciencias e ingeniería / _c Raymond A. Serway, John W. Jewett, Jr. |
| 250 | _aSéptima edición. | ||
| 264 | 1 |
_aMéxico : _bCengage Learning, _c2009 |
|
| 300 |
_aVolumenes : _bilustraciones ; _c27 centímetros |
||
| 336 |
_atext _2rdacontent |
||
| 337 |
_aunmediated _2rdamedia |
||
| 338 |
_avolume _2rdacarrier |
||
| 505 | 0 |
_gVolumen 1, _tMecánica -- Física y medición -- movimiento en una medición -- Vectores -- Movimiento en dos dimensiones -- Las leyes del movimiento -- Movimiento circular y otras aplicac´ones de las leyes de Newton -- Energía de un sistema -- Concervación de energía -- Cantidad de movimiento lineal y colisiones -- Rotación de un objeto rígido en torno a un eje fijo -- Cantidad de movimientos angular -- Equilibrio estático y elasticidad -- Gravitación universal -- Macánica de fluidos -- Oscilaciones y ondas mecánicas -- Movimientos oscalatorio. -- Movimientos ondulatorio -- Ondas sonoras -- Sobreposición y ondas estacionarias -- Termodinámica -- Temperatura -- Primera ley de la termodinámica -- Teoría cinética de los gases -- Máquinas térmicas, entropía y segunda ley de la termodinámica. |
|
| 505 | 0 |
_gVolumen 2, _tElectricidad y magnetismo -- Campos eléctricos -- Ley de Gauss -- Potencial eléctrico -- Capacitancia y materiales dieléctricos -- Corriente y resistencia -- Circuitos de corriente directa -- Campos magnéticos -- Fuente del campo magnético -- Ley de Faraday -- Inductancia -- Circuitos de corriente alterna -- Ondas electromagnéticas -- Luz y óptica -- Naturaleza de la luz y leyes de óptica geométrica -- Froamción de las imagenes -- Interferencia de ondas de luz -- Patrones de difracción y polarización -- Física moderna -- Relatividad -- Introducción a la física -- Mecánica cuántica -- Física atómica -- Moléculas y sólidos -- Estructura nuclear -- Aplicaciones de la física nuclear -- Física de las partículas y cosmología. |
|
| 526 | _aP203 | ||
| 526 | _aP200 | ||
| 526 | _aSEG65 | ||
| 526 | _aSEG64 | ||
| 526 | _aSEG63 | ||
| 526 | _aSEG62 | ||
| 526 | _aSEG61 | ||
| 526 | _aSEG60 | ||
| 526 | _aSEG59 | ||
| 526 | _aSEG58 | ||
| 526 | _aSEG57 | ||
| 526 | _aSEG56 | ||
| 526 | _aSEG55 | ||
| 526 | _aSEG54 | ||
| 526 | _aSEG53 | ||
| 526 | _aSEG52 | ||
| 526 | _aSEG51 | ||
| 526 | _aSEG50 | ||
| 526 | _aSEG49 | ||
| 526 | _aSEG48 | ||
| 526 | _aSEG47 | ||
| 526 | _aSEG46 | ||
| 526 | _aSEG24 | ||
| 526 | _aSEG23 | ||
| 526 | _aSEG22 | ||
| 526 | _aSEG21 | ||
| 526 | _aSEG20 | ||
| 526 | _aSEG19 | ||
| 526 | _aSEG18 | ||
| 526 | _aSEG17 | ||
| 526 | _aSEG16 | ||
| 526 | _aSEG14 | ||
| 526 | _aSEG13 | ||
| 526 | _aSEG12 | ||
| 526 | _aSEG11 | ||
| 526 | _aSEG10 | ||
| 526 | _aSEG09 | ||
| 526 | _aSEG06 | ||
| 526 | _aSEG05 | ||
| 526 | _aSEG04 | ||
| 526 | _aSEG03 | ||
| 526 | _aSEG02 | ||
| 526 | _aSEG68 | ||
| 526 | _aSEG66 | ||
| 526 | _aSEG45 | ||
| 526 | _aSEG25 | ||
| 526 | _aSEG01 | ||
| 526 | _aP163 | ||
| 526 | _aP162 | ||
| 526 | _aP161 | ||
| 526 | _aP160 | ||
| 526 | _aP159 | ||
| 526 | _aP158 | ||
| 526 | _aP157 | ||
| 526 | _aP156 | ||
| 526 | _aP155 | ||
| 526 | _aP154 | ||
| 526 | _aP153 | ||
| 526 | _aP152 | ||
| 526 | _aP151 | ||
| 526 | _aP150 | ||
| 526 | _aP149 | ||
| 526 | _aP142 | ||
| 526 | _aP141 | ||
| 526 | _aP140 | ||
| 526 | _aP139 | ||
| 526 | _aP138 | ||
| 526 | _aP137 | ||
| 526 | _aP132 | ||
| 526 | _aP131 | ||
| 526 | _aP130 | ||
| 526 | _aP126 | ||
| 526 | _aP125 | ||
| 526 | _aP124 | ||
| 526 | _aP123 | ||
| 526 | _aP115 | ||
| 526 | _aP122 | ||
| 526 | _aP121 | ||
| 526 | _aP116 | ||
| 526 | _a P114 | ||
| 526 | _aP112 | ||
| 526 | _aP111 | ||
| 526 | _aP104 | ||
| 526 | _aP103 | ||
| 526 | _aP102 | ||
| 526 | _aP101 | ||
| 526 | _aP100 | ||
| 526 | _aP96 | ||
| 526 | _aP95 | ||
| 526 | _aP93 | ||
| 526 | _aP92 | ||
| 526 | _aP91 | ||
| 526 | _aP88 | ||
| 526 | _aP83 | ||
| 526 | _aP82 | ||
| 526 | _aP79 | ||
| 526 | _aP78 | ||
| 526 | _aP75 | ||
| 526 | _aP74 | ||
| 526 | _aP71 | ||
| 526 | _aP69 | ||
| 526 | _a P51 | ||
| 526 | _aP49 | ||
| 526 | _aP48 | ||
| 526 | _aP47 | ||
| 526 | _aP33 | ||
| 526 | _aP31 | ||
| 526 | _a P30 | ||
| 526 | _aP29 | ||
| 526 | _aP27 | ||
| 526 | _aP26 | ||
| 526 | _aP25 | ||
| 526 | _aP24 | ||
| 526 | _a P22 | ||
| 526 | _aP10 | ||
| 526 | _aP09 | ||
| 526 | _a P08 | ||
| 526 | _aP06 | ||
| 526 | _aP05 | ||
| 526 | _aP04 | ||
| 526 | _aP01 | ||
| 650 | 0 | _aFísica. | |
| 650 | 0 | 4 |
_aFísica _xEnseñanza. |
| 700 | 1 |
_aJewett, John W., _eautor. |
|
| 910 |
_ajck _bebj _cebj _d20160920 |
||
| 942 |
_2ddc _cBOOK |
||
| 949 |
_a621.04 S42 _wDEWEY _c1 _i74304 _lCCODEBUL1 _mBUL _p93.28 _r0 _sY _tBOOK _u2016-6-14 _xFIA _PP25 _0COMPRA _o.CIRCNOTE. El documento es de alto precio. _o.STAFF. Colección General |
||
| 994 |
_aC0 _bPEPRU |
||
| 596 | _a1 | ||
| 999 |
_a621.04 S42 1 _wLC _c12454 _i74304 _d12454 _e2019-8-1 _f2021-11-9 _g7 _lCCODEBUL1 _mBUL _n14 _p48.00 _q4 _r0 _sY _tBOOK _u2016-9-20 _xINGENIERIA _PP25 _0COMPRA _o.STAFF. Colección FIA |
||
| 999 |
_a621.04 S42 2 _wDEWEY _c1 _i74605 _d2019-1-14 _e2018-3-28 _f2021-11-9 _g7 _lCCODEBUL1 _mBUL _n3 _p48.00 _q2 _r0 _sY _tBOOK _u2016-9-21 _xINGENIERIA _PP25 _0COMPRA _o.STAFF. Colección Ingeniería y Arquitectura |
||
| 980 |
_81 _gALBERTO SANCHEZ Responsable de Automatización |
||